000 00607nam a22001937a 4500
008 150410b xxu||||| |||| 00| 0 eng d
020 _a9780071780483
041 0 _aeng
080 _a330.101.542
100 1 _aDodge, Eric R.
245 1 0 _aMcGraw-Hill's 500 macroeconomics questions :
_cEric R. Dodge and Melanie E. Fox.
246 3 0 _a500 macroeconomics questions
246 3 0 _aFive hundred macroeconomics questions
260 _aNew York :
_bMcGraw-Hill,
_c2013.
300 _a232 f.:
_b me il.;
_c23 cm.
650 0 _aMikroekonomi
700 1 _aFox, Melanie.
942 _2udc
_cBK
999 _c682
_d682